<?xml version="1.0" encoding="UTF-8"?>
<record
    xmlns:xsi="http://www.w3.org/2001/XMLSchema-instance"
    xsi:schemaLocation="http://www.loc.gov/MARC21/slim http://www.loc.gov/standards/marcxml/schema/MARC21slim.xsd"
    xmlns="http://www.loc.gov/MARC21/slim">

  <leader>01286nam a22002777a 4500</leader>
  <controlfield tag="001">1086</controlfield>
  <controlfield tag="005">20231101160056.0</controlfield>
  <datafield tag="020" ind1=" " ind2=" ">
    <subfield code="a">9789996305788</subfield>
  </datafield>
  <datafield tag="040" ind1=" " ind2=" ">
    <subfield code="a">FISKH</subfield>
    <subfield code="b">eng</subfield>
    <subfield code="c">FISKH </subfield>
    <subfield code="d">FISKH </subfield>
  </datafield>
  <datafield tag="082" ind1=" " ind2=" ">
    <subfield code="a">650.14 </subfield>
  </datafield>
  <datafield tag="100" ind1=" " ind2=" ">
    <subfield code="a">Vanthary, Oum</subfield>
  </datafield>
  <datafield tag="245" ind1=" " ind2=" ">
    <subfield code="a">&#x179F;&#x17C0;&#x179C;&#x1797;&#x17C5;&#x179A;&#x17BC;&#x1794;&#x1797;&#x17B6;&#x1796;&#x1798;&#x17BB;&#x1781;&#x179A;&#x1794;&#x179A;&#x200B; / </subfield>
  </datafield>
  <datafield tag="246" ind1=" " ind2=" ">
    <subfield code="a">Picture book career </subfield>
  </datafield>
  <datafield tag="250" ind1=" " ind2=" ">
    <subfield code="a">7th Published in August 2022.</subfield>
  </datafield>
  <datafield tag="260" ind1=" " ind2=" ">
    <subfield code="a">Phnom Penh : </subfield>
    <subfield code="b">Sipar, </subfield>
    <subfield code="c">2022. </subfield>
  </datafield>
  <datafield tag="300" ind1=" " ind2=" ">
    <subfield code="a">22 unnumbered pages : </subfield>
    <subfield code="b">color illustrations ;</subfield>
    <subfield code="c">20 x&#x200B; 21 cm. </subfield>
  </datafield>
  <datafield tag="505" ind1=" " ind2=" ">
    <subfield code="a">G
</subfield>
  </datafield>
  <datafield tag="520" ind1=" " ind2=" ">
    <subfield code="a">&#x179F;&#x17C0;&#x179C;&#x1797;&#x17C5;&#x1793;&#x17C1;&#x17C7;&#x179A;&#x17C0;&#x1794;&#x179A;&#x17B6;&#x1794;&#x17CB;&#x17A2;&#x17C6;&#x1796;&#x17B8; &#x179F;&#x17B6;&#x179B;&#x17B6;&#x179A;&#x17C0;&#x1793; &#x1798;&#x1793;&#x17D2;&#x1791;&#x17B8;&#x1796;&#x17C1;&#x1791;&#x17D2;&#x1799; &#x1795;&#x17D2;&#x179B;&#x17BC;&#x179C; &#x179F;&#x17C6;&#x178E;&#x1784;&#x17CB; &#x17A2;&#x17B6;&#x1787;&#x17B8;&#x179C;&#x1780;&#x1798;&#x17D2;&#x1798; &#x179F;&#x17B7;&#x1794;&#x17D2;&#x1794;&#x1780;&#x1798;&#x17D2;&#x1798; &#x179F;&#x17B7;&#x179B;&#x17D2;&#x1794;&#x17C8; &#x179F;&#x17C1;&#x179C;&#x17B6;&#x1780;&#x1798;&#x17D2;&#x1798; &#x1780;&#x17B8;&#x17A1;&#x17B6; &#x1793;&#x17B7;&#x1784; &#x1787;&#x1793;&#x1794;&#x1791;&#x17D4;</subfield>
  </datafield>
  <datafield tag="520" ind1=" " ind2=" ">
    <subfield code="a">Basic vocabulary is introduced to children with paintings, pictures of a school, hospital, roads, construction, business, handicraft, service, sport, and countryside.</subfield>
  </datafield>
  <datafield tag="521" ind1=" " ind2=" ">
    <subfield code="a">350 
</subfield>
    <subfield code="b">Lexile estimate </subfield>
  </datafield>
  <datafield tag="521" ind1=" " ind2=" ">
    <subfield code="a">G 
</subfield>
    <subfield code="b">Raz-Plus 

</subfield>
  </datafield>
  <datafield tag="650" ind1=" " ind2=" ">
    <subfield code="a">&#x1798;&#x17BB;&#x1781;&#x179A;&#x1794;&#x179A;</subfield>
    <subfield code="v">&#x1780;&#x17B6;&#x179A;&#x179F;&#x17B6;&#x1784;&#x179F;&#x1784;&#x17CB;</subfield>
    <subfield code="x">&#x179F;&#x17B6;&#x179B;&#x17B6;&#x179A;&#x17C0;&#x1793;</subfield>
  </datafield>
  <datafield tag="650" ind1=" " ind2=" ">
    <subfield code="a">Career</subfield>
    <subfield code="v">Construction</subfield>
    <subfield code="x">School</subfield>
  </datafield>
  <datafield tag="700" ind1=" " ind2=" ">
    <subfield code="a">Ratha, Ouk</subfield>
    <subfield code="c">illustrator</subfield>
  </datafield>
  <datafield tag="942" ind1=" " ind2=" ">
    <subfield code="2">ddc</subfield>
    <subfield code="c">BK</subfield>
    <subfield code="n">0</subfield>
  </datafield>
  <datafield tag="999" ind1=" " ind2=" ">
    <subfield code="c">1086</subfield>
    <subfield code="d">1086</subfield>
  </datafield>
  <datafield tag="952" ind1=" " ind2=" ">
    <subfield code="0">0</subfield>
    <subfield code="1">0</subfield>
    <subfield code="2">ddc</subfield>
    <subfield code="4">0</subfield>
    <subfield code="7">0</subfield>
    <subfield code="8">Khmer-English Bilingual </subfield>
    <subfield code="a">001</subfield>
    <subfield code="b">001</subfield>
    <subfield code="c">KHRS</subfield>
    <subfield code="d">2023-07-21</subfield>
    <subfield code="l">1</subfield>
    <subfield code="o">VAN 650.14</subfield>
    <subfield code="p">2023-0146</subfield>
    <subfield code="r">2025-06-09 14:35:00</subfield>
    <subfield code="s">2025-02-14</subfield>
    <subfield code="t">1</subfield>
    <subfield code="w">2023-07-21</subfield>
    <subfield code="y">KHB</subfield>
  </datafield>
  <datafield tag="952" ind1=" " ind2=" ">
    <subfield code="0">0</subfield>
    <subfield code="1">0</subfield>
    <subfield code="2">ddc</subfield>
    <subfield code="4">0</subfield>
    <subfield code="7">0</subfield>
    <subfield code="8">Khmer-English Bilingual </subfield>
    <subfield code="a">001</subfield>
    <subfield code="b">001</subfield>
    <subfield code="c">KHRS</subfield>
    <subfield code="d">2023-07-21</subfield>
    <subfield code="l">3</subfield>
    <subfield code="o">VAN 650.14</subfield>
    <subfield code="p">2023-0147</subfield>
    <subfield code="q">2025-11-27</subfield>
    <subfield code="r">2025-11-13 15:02:57</subfield>
    <subfield code="s">2025-11-13</subfield>
    <subfield code="t">2</subfield>
    <subfield code="w">2023-07-21</subfield>
    <subfield code="y">KHB</subfield>
  </datafield>
  <datafield tag="952" ind1=" " ind2=" ">
    <subfield code="0">0</subfield>
    <subfield code="1">0</subfield>
    <subfield code="2">ddc</subfield>
    <subfield code="4">0</subfield>
    <subfield code="7">0</subfield>
    <subfield code="8">Khmer-English Bilingual </subfield>
    <subfield code="a">001</subfield>
    <subfield code="b">001</subfield>
    <subfield code="c">KHRS</subfield>
    <subfield code="d">2023-07-21</subfield>
    <subfield code="l">2</subfield>
    <subfield code="o">VAN 650.14</subfield>
    <subfield code="p">FISTKKB111</subfield>
    <subfield code="r">2025-06-09 14:32:41</subfield>
    <subfield code="s">2025-02-14</subfield>
    <subfield code="t">3</subfield>
    <subfield code="w">2023-07-21</subfield>
    <subfield code="y">KHB</subfield>
  </datafield>
  <datafield tag="952" ind1=" " ind2=" ">
    <subfield code="0">0</subfield>
    <subfield code="1">0</subfield>
    <subfield code="2">ddc</subfield>
    <subfield code="4">0</subfield>
    <subfield code="7">0</subfield>
    <subfield code="8">Khmer-English Bilingual </subfield>
    <subfield code="a">001</subfield>
    <subfield code="b">001</subfield>
    <subfield code="c">KHRS</subfield>
    <subfield code="d">2023-07-21</subfield>
    <subfield code="l">1</subfield>
    <subfield code="o">VAN 650.14</subfield>
    <subfield code="p">FISTKG1B055</subfield>
    <subfield code="r">2025-11-13 14:39:47</subfield>
    <subfield code="s">2025-08-22</subfield>
    <subfield code="t">4</subfield>
    <subfield code="w">2023-07-21</subfield>
    <subfield code="y">KHB</subfield>
  </datafield>
  <datafield tag="952" ind1=" " ind2=" ">
    <subfield code="0">0</subfield>
    <subfield code="1">0</subfield>
    <subfield code="2">ddc</subfield>
    <subfield code="4">0</subfield>
    <subfield code="7">0</subfield>
    <subfield code="8">Khmer-English Bilingual </subfield>
    <subfield code="a">001</subfield>
    <subfield code="b">001</subfield>
    <subfield code="c">KHRS</subfield>
    <subfield code="d">2024-07-01</subfield>
    <subfield code="l">0</subfield>
    <subfield code="o">VAN 650.14</subfield>
    <subfield code="p">2024-0901</subfield>
    <subfield code="r">2024-07-01 08:10:55</subfield>
    <subfield code="t">5</subfield>
    <subfield code="w">2024-07-01</subfield>
    <subfield code="y">KHB</subfield>
  </datafield>
  <datafield tag="952" ind1=" " ind2=" ">
    <subfield code="0">0</subfield>
    <subfield code="1">0</subfield>
    <subfield code="2">ddc</subfield>
    <subfield code="4">0</subfield>
    <subfield code="7">0</subfield>
    <subfield code="8">Khmer-English Bilingual </subfield>
    <subfield code="a">001</subfield>
    <subfield code="b">001</subfield>
    <subfield code="c">KHRS</subfield>
    <subfield code="d">2024-07-12</subfield>
    <subfield code="l">1</subfield>
    <subfield code="o">VAN 650.14</subfield>
    <subfield code="p">FISBK073187</subfield>
    <subfield code="r">2025-06-09 14:20:54</subfield>
    <subfield code="s">2024-12-03</subfield>
    <subfield code="t">6</subfield>
    <subfield code="w">2024-07-12</subfield>
    <subfield code="y">KHB</subfield>
  </datafield>
  <datafield tag="952" ind1=" " ind2=" ">
    <subfield code="0">0</subfield>
    <subfield code="1">0</subfield>
    <subfield code="2">ddc</subfield>
    <subfield code="4">0</subfield>
    <subfield code="7">0</subfield>
    <subfield code="8">Khmer-English Bilingual </subfield>
    <subfield code="a">001</subfield>
    <subfield code="b">002</subfield>
    <subfield code="c">TTP Khmer</subfield>
    <subfield code="d">2024-07-12</subfield>
    <subfield code="l">0</subfield>
    <subfield code="o">VAN 650.14</subfield>
    <subfield code="p">FIS072196</subfield>
    <subfield code="r">2025-05-26 08:09:50</subfield>
    <subfield code="t">7</subfield>
    <subfield code="w">2024-07-12</subfield>
    <subfield code="y">KHB</subfield>
  </datafield>
</record>
